THE ARRIVAL (Record no. 181310)

MARC details
000 -LEADER
fixed length control field 00450nam a2200157Ia 4500
003 - CONTROL NUMBER IDENTIFIER
control field OSt
005 - DATE AND TIME OF LATEST TRANSACTION
control field 20260420112359.0
020 ## - INTERNATIONAL STANDARD BOOK NUMBER
International Standard Book Number 978-0-439-89529-3
040 ## - CATALOGING SOURCE
Transcribing agency LC
050 ## - LIBRARY OF CONGRESS CALL NUMBER
Classification number PZ 7 .T 26 2007
100 ## - MAIN ENTRY--PERSONAL NAME
Personal name TAN, SHAUN
245 #4 - TITLE STATEMENT
Title THE ARRIVAL
260 ## - PUBLICATION, DISTRIBUTION, ETC.
Place of publication, distribution, etc. NEW YORK,
Name of publisher, distributor, etc. ARTHUR A LEVIN BOOKS,
Date of publication, distribution, etc. 2006,
650 ## - SUBJECT ADDED ENTRY--TOPICAL TERM
Topical term or geographic name entry element 1EMIGRATION AND IMMIGRATION-FICTION 2. IMMIGRANTS-FICTION 3. STORIES WITHOUT WORDS 4. CARTOONS AND COMICS
942 ## - ADDED ENTRY ELEMENTS (KOHA)
Koha item type Long Loan Book
Source of classification or shelving scheme Library of Congress Classification
Holdings
Withdrawn status Lost status Source of classification or shelving scheme Damaged status Not for loan Collection Home library Current library Shelving location Date acquired Inventory number Total checkouts Full call number Barcode Date last seen Copy number Price effective from Koha item type
    Dewey Decimal Classification     Arts & Social Sciences Kisii University Library Kisii University Library On Display 09/15/2023 090834   PZ 7 .T 26 2007 038882 09/15/2023 1 09/15/2023 Long Loan Book